IGOR by Tyler, the Creator Tracklist - Statistics

General Stats
  • This quiz has been taken 159 times
  • The average score is 9 of 12
Answer Stats
Answer % Correct
IGOR'S THEME
95%
EARFQUAKE
90%
ARE WE STILL FRIENDS?
86%
I THINK
84%
NEW MAGIC WAND
84%
PUPPET
80%
GONE, GONE/THANK YOU
79%
I DON'T LOVE YOU ANYMORE
75%
RUNNING OUT OF TIME
73%
WHAT'S GOOD
72%
EXACTLY WHAT YOU RUN FROM YOU END UP CHASING
65%
BOY IS A GUN*
64%
No matching quizzes found
Score Distribution
Percent of People with Each Score
Percentile by Number Answered
Your Score History
You have not taken this quiz